| 000 | 00412nam a22001577a 4500 | ||
|---|---|---|---|
| 003 | BD-ChCU | ||
| 005 | 20251110102038.0 | ||
| 008 | 251110b bg ||||| |||| 00| 0 ben d | ||
| 040 | _cBD-ChCU | ||
| 082 | _a409 SHO | ||
| 100 |
_aShrivastava , K.K. _915797 |
||
| 245 |
_aOn the nature of languages ./ _cK.K. Shrivastava. |
||
| 260 |
_aRamNagar : _bS. Chand , _cC 1973 |
||
| 300 | _ax , 93p | ||
| 942 |
_2ddc _cBK _n0 |
||
| 999 |
_c109241 _d109241 |
||